Responses for Show #6497 - Tuesday, December 11, 2012

Contestants

[<< previous game]

Rachel Shuman, a curriculum coordinator from Silver Spring, Maryland

Jan Rishoi, an analytic software sales executive from Ann Arbor, Michigan

Josh Frumkin, a non-profit assistant director of donor relations from Germantown, Maryland (whose 2-day cash winnings total $43,601)

[next game >>]

Jeopardy! Round responses

THE SIGHTS YOU'LL SEE!
PATRON SAINTS
MOVIE CROSSWORD CLUES "R"
ANTHROPOLOGY
ON THE JOB IN BRITAIN
I CAN ALMOST TASTE THAT WORD
    $200 6
Paul Bunyan

Josh
    $200 26
Ireland

Jan
    $200 1
Rocky

Josh
    $200 19
aborigine

Josh
    $200 16
a bell

Josh
    $200 11
(Jan: What is blue?)

salty

JoshJan
    $400 7
Mars

Josh
    $400 27
a college

Triple Stumper
    $400 2
Religulous

Josh
    $400 20
taboo

Rachel
    $400 17
a draper

Jan
    $400 12
(Rachel: What is bitter?)
...
(Alex: What is [*]? Whiskey [*].)

sour

Rachel
Triple Stumper
    $600 8
Betsy Ross

Jan
    $600 28
Santa Fe

Triple Stumper
    $600 3
Reading

Rachel
    $600 23
a nuclear family

Rachel
    $600 18
(Josh: What is a mine?)
(Alex: Be more specific.)
(Josh: What is [*]?)

a coal mine

Josh
    $600 13
(Alex: And they're both pronounced the same--[*].)

saccharine

Triple Stumper
    $800 9
bonsai

Rachel
    $800 29
(Jan: [Shaking head back and forth after long pause] What is golf?)
[Laughter]
[The end-of-round signal sounds.]

a fisherman

Jan
    $800 4
rush

Josh
    $800 24
an ethnicity (or ethnic group)

Rachel
    $800 21
chandler

Triple Stumper
    $800 14
cheesy

Jan
    $1000 10
Stonehenge

Josh
    $1000 5
Rickman

Josh
    $1000 25
(Jan: What is Homo sapien?)
...
(Alex: Less than a minute to go now, Rachel...)

Australopithecus

Jan
Triple Stumper
    $1000 22
(Alex: I would like to have one. A [*]. To tend to me.)

batman

Triple Stumper
    $1000 15
bland

Rachel

Scores at the first commercial break (after clue 15):

Josh Jan Rachel
$4,200 $1,200 $2,000

Scores at the end of the Jeopardy! Round:

Josh Jan Rachel
$5,200 $0 $3,800

Double Jeopardy! Round responses

"WHITE" MATTER
(White will come up in each correct response.)
I GOT A BRIDGE I'D LIKE TO SELL YOU
19th CENTURY AMERICANS
LET'S GO CAROLING
THE BEAT MOVEMENT
IN THE DICTIONARY
(Each correct response will be made up of letters in the word "Dictionary".)
    $400 2
a Great White Shark

Josh
    $400 7
(P.T.) Barnum

Josh
    $400 1
"Hark! The Herald Angels Sing"

Josh
    $400 19
Buddhism

Josh
    $400 12
(Rachel: What is anoint?)

ordain

Rachel
Triple Stumper
    $800 3
the White House

Jan
    $800 8
(Stephen) Foster

Rachel
    $800 15
"God Rest Ye Merry Gentlemen"

Jan
    $800 20
(Jan: Who is Jack Kerouac?)
...
(Alex: [*]. We were going for the title of the novel, not the author.)

On the Road

JoshJan
    $800 13
indict

Jan
    $1200 4
the Chicago White Sox

Jan
    $1200 28
[The end-of-round signal sounds.]

London Bridge

Josh
    $1200 9
(Daniel) Webster

Rachel
    $4,000 16
(Jan: What is "Little Town of"--what is [*]?)
(Alex: You paused and you corrected yourself. Good for you.)

"O Little Town Of Bethlehem"

Jan
    $1200 21
Greenwich Village

Jan
    $1200 14
nordic

Josh
    $1600 5
a white sauce

Jan
    $1600 27
the Bridge of Sighs

Rachel
    $3,000 10
(Rachel: Who is Smith?)
(Alex: No, you're on the right track, though, it was [*].)

Brigham Young

Rachel
    $1600 17
(Alex: Jan, did you know that?)
(Jan: [Sheepishly] I did.)

"What Child Is This?"

Triple Stumper
    $1600 22
William S. Burroughs

Triple Stumper
    $1600 25
a crony

Rachel
    $2000 6
White Fang

Josh
    $2000 26
(Jan: What is the Columbia River?)

Puget Sound

Jan
Triple Stumper
    $2000 11
Fillmore

Rachel
    $2000 18
troll

Jan
    $2000 23
(Alex: With a minute to go.)

Howl

Rachel
    $2000 24
an idiot

Rachel

Scores at the end of the Double Jeopardy! Round:

Josh Jan Rachel
$12,000 $9,600 $11,600

[wagering suggestions for these scores]

Final Jeopardy! Round responses

BUSINESSMEN
(Alex: [To Jan] You went for the company instead of the third word, which kinda tied in with the previous two.)
JanWhat is IBM
$5,400
RachelWhat is Think
$8,000
JoshWhat is Computer?
$11,201
Think

Final scores:

Josh Jan Rachel
$799 $4,200 $19,600
3rd place: $1,000 2nd place: $2,000 New champion: $19,600

Game dynamics:

Coryat scores:

Josh Jan Rachel
$12,000 $7,600 $14,600
19 R,
0 W
12 R
(including 1 DD),
5 W
(including 1 DD)
13 R,
3 W
(including 1 DD)

Combined Coryat: $34,200

[game clues] [game scores] [suggest correction]

Game tape date: 2012-09-04
The J! Archive is created by fans, for fans. Scraping, republication, monetization, and malicious use prohibited; this site may use cookies and collect identifying information. See terms. The Jeopardy! game show and all elements thereof, including but not limited to copyright and trademark thereto, are the property of Jeopardy Productions, Inc. and are protected under law. This website is not affiliated with, sponsored by, or operated by Jeopardy Productions, Inc. Join the discussion at JBoard.tv.